Manual de protocol municipal / Imago Grup
Publicado:
Barcelona :
Diputació de Barcelona. Àrea de Règim Interior, Hisenda i Planificació. Servei de Formació Local ,
2000
Descripción Física:
89 p. ; 30 cm
Colección:
Manuals de formació municipal ; 1
MARC
| LEADER | 00000nam a2200000Ia 4500 | ||
|---|---|---|---|
| 001 | 12641 | ||
| 003 | BGR | ||
| 005 | 20260324175337.0 | ||
| 008 | 160829s2000 xx 000 0 cat d | ||
| 080 | |a M-1-56 | ||
| 245 | |a Manual de protocol municipal / Imago Grup | ||
| 260 | |a Barcelona : |b Diputació de Barcelona. Àrea de Règim Interior, Hisenda i Planificació. Servei de Formació Local, |c 2000 | ||
| 300 | |a 89 p. ; |c 30 cm | ||
| 490 | |a Manuals de formació municipal ; 1 | ||
| 590 | |a A la coberta: Pla de formació municipal | ||
| 650 | |a Protocol oficial |9 32409 | ||
| 650 | |a Etiqueta |9 48237 | ||
| 650 | 0 | |a Administració local |9 34286 | |
| 710 | |a Barcelona (Catalunya : Província). |b Servei de Formació Local |9 53659 | ||
| 710 | 2 | |a Imago Grup |9 71038 | |
| 901 | |a Arxiu | ||
| 942 | |n 1 |2 udc |c MON | ||
| 952 | |0 0 |1 0 |4 0 |6 M156 |7 1 |9 44686 |a Arxiu |b Arxiu |d 2016-12-01 |l 0 |o M-1-56 |p 12641 |r 2016-12-01 00:00:00 |w 2016-12-01 |y ARXIU | ||
| 999 | |c 47267 |d 47267 | ||